000 00428nam a2200181Ia 4500
001 10039
005 20260306161802.0
008 260306t1993||||xx |||||||||||||| ||spa||
041 _aESP
082 _aPE 869.569
_bF43
100 _aFerrero, Mario
_eAUT
245 0 _aCésar Vallejo. El hombre total
260 _c1993
300 _a171 páginas :
_c20 cm.
650 _aGEN
654 _aCHU
942 _cLIB
_dJUS
_fJUS
_2ddc
_n
999 _c10039
_d10039